Estatísticas para Regiões da Itália

Clique aqui para jogar o quiz

Estatísticas Gerais

  • Esse quiz foi jogado 1 086 vezes
  • A pontuação média é 10 de 20

Respostas no mapa

Respostas codificadas por cores de uma escala verde-vermelha no mapa do quiz de acordo com a % correta abaixo.
 

Estatísticas das Respostas

CapitalRegião% Correto
PalermoSicilia
89%
FirenzeToscana
71%
VeneziaVeneto
65%
MilanoLombardia
63%
RomaLazio
60%
BolognaEmilia-Romagna
57%
CatanzaroCalabria
56%
TorinoPiemonte
55%
CagliariSardegna
54%
GenovaLiguria
45%
AostaValle d'Aosta
45%
TrentoTrentino-Alto Adige
44%
BariPuglia
43%
NapoliCampania
41%
L'AquilaAbruzzo
37%
PerugiaUmbria
37%
TriesteFriuli-Venezia Giulia
36%
PotenzaBasilicata
33%
AnconaMarche
30%
CampobassoMolise
30%

Distribuição das Pontuações

Percentil de Números Respondidos

Porcentagem de Pessoas com Cada Pontuação

Sua Pontuação Histórica

Você não jogou esse quiz